000 00569nam a2200205Ia 4500
003 GCL
008 140319s9999 xx 000 0 ara d
040 _aGCL /
_cGCL
082 0 4 _a001.553
_bم ص
100 1 _aمحسن محمد
245 1 0 _aصاحب الجلالة التلفزيون /
_cمحسن محمد
260 _aالقاهرة :
_bمكتبة غريب
300 _a218ص ؛
_c24سم
490 _a
650 0 4 _aالتليفزيون
650 0 4 _aالاعلام
650 0 4 _aوسائل الاعلام
650 0 4 _aالسينما
942 _2ddc
_cBK
999 _c38687
_d38687